Solution of problems in applied mechanics (Record no. 68796)

000 -LEADER
fixed length control field 00394nam a22001577a 4500
003 - CONTROL NUMBER IDENTIFIER
control field NUST - PNEC
005 - DATE AND TIME OF LATEST TRANSACTION
control field 20170116181102.0
008 - FIXED-LENGTH DATA ELEMENTS--GENERAL INFORMATION
fixed length control field 151003b xxu||||| |||| 00| 0 eng d
040 ## - CATALOGING SOURCE
Transcribing agency LIBRARY
082 ## - DEWEY DECIMAL CLASSIFICATION NUMBER
Classification number 627 SHA
100 ## - MAIN ENTRY--PERSONAL NAME
9 (RLIN) 12431
Personal name Bala
245 ## - TITLE STATEMENT
Title Solution of problems in applied mechanics
Statement of responsibility, etc. Bala
260 ## - PUBLICATION, DISTRIBUTION, ETC.
Date of publication, distribution, etc. 1991
650 ## - SUBJECT ADDED ENTRY--TOPICAL TERM
9 (RLIN) 12430
Topical term or geographic name entry element Mechanical engineering
General subdivision ME
942 ## - ADDED ENTRY ELEMENTS (KOHA)
Source of classification or shelving scheme
Koha item type Book
Holdings
Withdrawn status Lost status Source of classification or shelving scheme Damaged status Not for loan Permanent Location Current Location Shelving location Date acquired Total Checkouts Full call number Barcode Date last seen Price effective from Koha item type
          Pakistan Navy Engineering College (PNEC) Pakistan Navy Engineering College (PNEC)       627 SHA PNECLIB-003531 10/03/2015   Book
© 2023 Central Library, National University of Sciences and Technology. All Rights Reserved.